Co to za zwierzak? #12 - Statystyki

Ogólne statystyki
  • Ten quiz został rozwiązany 14 razy
  • Średni wynik to 8 z 24
Statystyki odpowiedzi
Obrazkowy Hint Odpowiedź % Poprawnych
(rasa psa) Maltipoo
100%
inaczej chart rosyjski (rasa psa) Borzoj
50%
x pręgowany Filanderek
50%
x długoskrzydły Grobownik
50%
x przylądkowy Grysbok
50%
x zwyczajna Impala
50%
x ziemnowodny, inaczej szczur wodny Karczownik / Polnik
50%
inaczej Lis stepowy Korsak
50%
x wulkaniczny, inaczej Królik wulkaniczny Króliczak
50%
x pręgoogonowa Mulgara
50%
x nektarowy Ostronóg
50%
x pręgoudy Pazurogon
50%
x arktyczny, inaczej Suseł północny Susłogon
50%
x czerwono-biały Uakari
50%
krzyżówka zebry z koniem Zebroid
50%
x grzywiasty Acerodon
0%
x szykowny Andowiak
0%
x sulaweska Babirussa
0%
x arizoński Bawełniak
0%
x żółtostopy Chutliwiec
0%
x dekańska Czykara
0%
x kasztanowata Galidia
0%
x rudawy Kangurzak
0%
x błotny Ryżniak
0%
Nie znaleziono quizów pasujących do podanych kryteriów
Rozkład punktacji
Procent ludzi z każdym wynikiem
Percentyl według liczby udzielonych odpowiedzi
Twoja historia wyników
Nie rozwiązałeś tego quizu